00753 a2200205 450000500170000000800390001702000180005604000430007404100080011710000320012524500730015725000100023026000650024030000180030550400410032365000550036465000420041965000280046165000580048920150317083410.0140127s2013 ck fr 000 0dspa a9789587109047 aCO-BoUCMbspacJose A. Gerenad[Nuevo]00aspa1 aSuárez Sánchez, Alberto10aDelitos contra el patrimonio económicocAlberto Suárez Sánchez a2a ed c2013bUniversidad Externado de ColombiaaBogotá (Colombia) a644 páginas aIncluye referencias bibliográficas 4aDelitos contra el patrimonio económicozColombia 4aDelitos contra la propiedadzColombia 7aDerecho penalzColombia 7aApropiación ilícita de bienes (Derecho)zColombia